000 01194cam a2200289 a 4500
001 2084164
005 20260316053824.0
008 940811m19949999ii b 001 0 eng
010 _a 94902199
020 _a9788185402345
025 _aI-E-73862
035 _a2084164
040 _aDLC
_cDLC
_dDLC
042 _alcode
043 _aa-ii---
082 _a328.354 KAS
100 1 _aKashyap, Subhash C.
245 1 0 _aHistory of the Parliament of India, volumes 1-6 /
_cSubhah C. Kashyap
260 _aNew Delhi :
_bShipra Publications,
_c1994.
300 _a6 v. ;
_c25 cm.
505 1 _av. 1. From the earliest beginnings of representative institutions in ancient India to the Constituent Assembly and framing of India's Consititution -- v. 2. Laying the foundations and building the infra-structure : the golden Nehru era of parliamentary democracy from the provisional parliament to the Second Lok Sabha, 1950-1962.
650 0 _aLegislative bodies
_zIndia
_xHistory.
710 2 _aCentre for Policy Research (New Delhi, India)
906 _a7
_bcbc
_corigode
_d2
_encip
_f19
_gy-gencatlg
942 _2ddc
_cBK
999 _c30498
_d30498